[Event "ENG-ch U16/18"]
[Site "Milton Keynes"]
[Date "2021.10.03"]
[Round "4"]
[White "Barry, Jake"]
[Black "Pai, Aditya"]
[Result "0-1"]
[WhiteElo "1644"]
[BlackElo "1545"]
[PlyCount "100"]
[EventDate "2021.10.02"]
[EventType "swiss"]
[EventRounds "5"]
[EventCountry "ENG"]
[SourceTitle "EXT 2023"]
[Source "ChessBase"]
[SourceDate "2022.10.05"]
[SourceVersion "1"]
[SourceVersionDate "2022.10.05"]
[SourceQuality "1"]

1. e4 e5 2. Nf3 Nc6 3. Bb5 d6 4. d4 Bd7 5. Nc3 a6 6. Bxc6 Bxc6 7. dxe5 Be7 8. 0-0 Qd7 9. Be3 Nh6 10. exd6 Bxd6 11. Nd4 0-0-0 12. a4 Be5 13. Nxc6 Qxc6 14. Qf3 Bxc3 15. bxc3 Qxc3 16. Rab1 Qc6 17. a5 Rhe8 18. Rb4 Re7 19. Rfb1 Kd7 20. Bg5 f6 21. Bxh6 gxh6 22. Qh3+ Qe6 23. Rd4+ Kc8 24. Rxd8+ Kxd8 25. Qxh6 Kc8 26. f3 Rd7 27. Qe3 Qc4 28. Qa7 Qd4+ 29. Qxd4 Rxd4 30. Ra1 Kd7 31. Rb1 Kc6 32. Ra1 Kb5 33. Kf1 Ra4 34. Rxa4 Kxa4 35. f4 Kb4 36. e5 fxe5 37. f5 Kc5 38. g4 Kd6 39. Ke2 b6 40. Kd3 bxa5 41. g5 a4 42. h4 a3 43. Kc3 e4 44. h5 a2 45. Kb2 a1Q+ 46. Kxa1 e3 47. g6 e2 48. g7 e1Q+ 49. Ka2 Qg1 50. f6 Ke6 0-1